000 00228 a2200097 4500
001 34424
100 _aManser
245 _aChambers Dictionary of Synonyms and Antonyms
260 _aNY
_bCambridge
_c1989
090 _c22722
_d22722
942 _aNUST-CAE
_cM
_c14139
999 _c269497
_d269497